[Event "Belt Road Women 2019"]
[Site "Shaoxing"]
[Date "2019.07.11"]
[Round "4.16"]
[White "Du, Yuxin"]
[Black "Zhou, Yafei"]
[Result "1-0"]
[WhiteElo "2015"]
[BlackElo "1720"]
[Annotator "NA"]
[PlyCount "86"]
[EventDate "2019.07.08"]
[EventType "swiss"]
[EventCountry "CHN"]
[SourceTitle "playchess.com"]
[Source "ChessBase"]
[SourceQuality "1"]
[TimeControl "5400+30"]

1. e4 {[%emt 0:00:00]} e6 {[%emt 0:00:00]} 2. d4 {[%emt 0:00:00]} d5 {[%emt 0:00:00]} 3. Nd2 {[%emt 0:00:42]} c5 {[%emt 0:00:00]} 4. exd5 {[%emt 0:00:09]} Qxd5 {[%emt 0:00:00]} 5. Ngf3 {[%emt 0:00:12]} cxd4 {[%emt 0:00:07]} 6. Bc4 {[%emt 0:00:10]} Qd8 {[%emt 0:00:14]} 7. O-O {[%emt 0:01:06]} Nc6 {[%emt 0:00:08]} 8. Nb3 {[%emt 0:00:21]} a6 {[%emt 0:00:22]} 9. Nbxd4 {[%emt 0:00:43]} Nxd4 {[%emt 0:00:09]} 10. Nxd4 {[%emt 0:00:07]} Qc7 {[%emt 0:00:08]} 11. Bb3 {[%emt 0:01:53]} Bd6 {[%emt 0:00:11]} 12. h3 {[%emt 0:03:49]} Ne7 {[%emt 0:01:47]} 13. c3 {[%emt 0:07:42]} O-O {[%emt 0:00:34]} 14. Qf3 {[%emt 0:10:54]} Rb8 {[%emt 0:05:57]} 15. Re1 {[%emt 0:15:52]} b5 {[%emt 0:13:52]} 16. Bg5 {[%emt 0:01:41]} Ng6 {[%emt 0:08:59]} 17. Rad1 {[%emt 0:15:54]} Bf4 {[%emt 0:09:07]} 18. Bxf4 {[%emt 0:01:39]} Qxf4 {[%emt 0:01:40]} 19. Qxf4 {[%emt 0:00:17]} Nxf4 {[%emt 0:00:06]} 20. Nc6 {[%emt 0:00:59]} Rb7 {[%emt 0:05:06]} 21. Rd4 {[%emt 0:03:18]} Rc7 {[%emt 0:08:33]} 22. Rxf4 {[%emt 0:02:04]} Rxc6 {[%emt 0:00:23]} 23. Rd4 {[%emt 0:00:18]} g6 {[%emt 0:02:21]} 24. Red1 {[%emt 0:01:37]} Rc7 {[%emt 0:02:45]} 25. Rd6 {[%emt 0:02:27]} Bb7 {[%emt 0:00:12]} 26. Rb6 {[%emt 0:00:52]} Rb8 {[%emt 0:02:39]} 27. Rdd6 {[%emt 0:00:50]} Kf8 {[%emt 0:01:42]} 28. a4 {[%emt 0:09:38]} Ke7 {[%emt 0:04:41]} 29. axb5 {[%emt 0:01:34]} axb5 {[%emt 0:00:15]} 30. Rd4 {[%emt 0:00:44]} Ra8 {[%emt 0:14:20]} 31. Rxb5 {[%emt 0:01:09]} Bc6 {[%emt 0:00:31]} 32. Rb6 {[%emt 0:04:50]} Ra1+ {[%emt 0:00:39]} 33. Kh2 {[%emt 0:01:26]} Re1 {[%emt 0:00:30]} 34. Rc4 {[%emt 0:01:37]} Kd7 {[%emt 0:11:32]} 35. Rbxc6 {[%emt 0:00:15]} Rxc6 {[%emt 0:01:02]} 36. Ba4 {[%emt 0:00:06]} Re2 {[%emt 0:01:26]} 37. Bxc6+ {[%emt 0:00:08]} Kd6 {[%emt 0:00:15]} 38. b4 {[%emt 0:00:09]} Rxf2 {[%emt 0:00:12]} 39. b5 {[%emt 0:00:23]} Rb2 {[%emt 0:00:09]} 40. Rb4 {[%emt 0:02:08]} Rxb4 {[%emt 0:01:05]} 41. cxb4 {[%emt 0:00:05]} e5 {[%emt 0:00:16]} 42. Be8 {[%emt 0:00:24]} f5 {[%emt 0:00:21]} 43. b6 {[%emt 0:00:17]} Kd5 {[%emt 0:00:30]} 1-0

[Event "Belt Road Women 2019"]
[Site "Shaoxing"]
[Date "2019.07.11"]
[Round "4.17"]
[White "Zhang, Yuxuan"]
[Black "Peng, Tianlu"]
[Result "1-0"]
[WhiteElo "1987"]
[BlackElo "1901"]
[Annotator "NA"]
[PlyCount "129"]
[EventDate "2019.07.08"]
[EventType "swiss"]
[EventCountry "CHN"]
[SourceTitle "playchess.com"]
[Source "ChessBase"]
[SourceQuality "1"]
[TimeControl "5400+30"]

1. e4 {[%emt 0:00:00]} c5 {[%emt 0:00:00]} 2. Nf3 {[%emt 0:00:00]} d6 {[%emt 0:00:00]} 3. d4 {[%emt 0:00:00]} cxd4 {[%emt 0:00:00]} 4. Nxd4 {[%emt 0:00:00]} Nf6 {[%emt 0:00:00]} 5. Nc3 {[%emt 0:00:02]} a6 {[%emt 0:00:05]} 6. Be2 {[%emt 0:00:06]} e5 {[%emt 0:00:06]} 7. Nf3 {[%emt 0:00:06]} Be7 {[%emt 0:00:05]} 8. Bg5 {[%emt 0:00:15]} Be6 {[%emt 0:00:31]} 9. Bxf6 {[%emt 0:00:22]} Bxf6 {[%emt 0:00:07]} 10. Nd5 {[%emt 0:00:05]} Nd7 {[%emt 0:01:14]} 11. b4 {[%emt 0:12:01]} O-O {[%emt 0:03:42]} 12. O-O {[%emt 0:02:52]} Rc8 {[%emt 0:01:00]} 13. c4 {[%emt 0:00:51]} g6 {[%emt 0:05:49]} 14. a4 {[%emt 0:05:51]} a5 {[%emt 0:09:00]} 15. Rb1 {[%emt 0:13:02]} axb4 {[%emt 0:02:09]} 16. Rxb4 {[%emt 0:00:06]} b6 {[%emt 0:09:19]} 17. Nxf6+ {[%emt 0:06:31]} Nxf6 {[%emt 0:00:22]} 18. Qd3 {[%emt 0:01:07]} Rc6 {[%emt 0:02:30]} 19. Ng5 {[%emt 0:05:17]} Bc8 {[%emt 0:08:16]} 20. Rd1 {[%emt 0:04:14]} h6 {[%emt 0:01:48]} 21. Nf3 {[%emt 0:00:45]} Qc7 {[%emt 0:01:41]} 22. Nd2 {[%emt 0:01:20]} Rd8 {[%emt 0:16:38]} 23. Nb1 {[%emt 0:02:20]} Ba6 {[%emt 0:07:27]} 24. Nc3 {[%emt 0:18:05]} Rc5 {[%emt 0:08:40]} 25. f3 {[%emt 0:06:04]} Kg7 {[%emt 0:06:51]} 26. Nb5 {[%emt 0:01:44]} Bxb5 {[%emt 0:01:43]} 27. axb5 {[%emt 0:00:05]} Nh5 {[%emt 0:05:06]} 28. g3 {[%emt 0:00:07]} Nf6 {[%emt 0:00:16]} 29. Ra4 {[%emt 0:00:09]} Ne8 {[%emt 0:02:55]} 30. Rda1 {[%emt 0:00:26]} Qe7 {[%emt 0:00:58]} 31. Ra6 {[%emt 0:03:25]} Rb8 {[%emt 0:00:18]} 32. Kf2 {[%emt 0:01:33]} Rb7 {[%emt 0:00:31]} 33. Rd1 {[%emt 0:00:32]} Rc8 {[%emt 0:02:53]} 34. Ra4 {[%emt 0:02:12]} Rd8 {[%emt 0:00:41]} 35. Qd5 {[%emt 0:01:02]} Qc7 {[%emt 0:00:53]} 36. Ra6 {[%emt 0:00:26]} Rd7 {[%emt 0:01:05]} 37. f4 {[%emt 0:02:11]} exf4 {[%emt 0:01:01]} 38. gxf4 {[%emt 0:00:17]} Qd8 {[%emt 0:00:52]} 39. Kg3 {[%emt 0:00:33]} Qe7 {[%emt 0:00:23]} 40. Bg4 {[%emt 0:01:39]} Nf6 {[%emt 0:00:48]} 41. Qd4 {[%emt 0:00:07]} Rdc7 {[%emt 0:00:20]} 42. Bf3 {[%emt 0:00:21]} Rb8 {[%emt 0:00:54]} 43. Re1 {[%emt 0:03:40]} Kh7 {[%emt 0:00:25]} 44. e5 {[%emt 0:00:59]} dxe5 {[%emt 0:00:29]} 45. Rxe5 {[%emt 0:00:05]} Qd7 {[%emt 0:00:34]} 46. Qxd7 {[%emt 0:01:37]} Rxd7 {[%emt 0:00:09]} 47. c5 {[%emt 0:00:05]} bxc5 {[%emt 0:00:18]} 48. Rxf6 {[%emt 0:00:08]} Rxb5 {[%emt 0:00:20]} 49. Rc6 {[%emt 0:00:05]} Rb4 {[%emt 0:00:26]} 50. Rexc5 {[%emt 0:06:00]} Rdd4 {[%emt 0:00:37]} 51. Rf6 {[%emt 0:00:07]} Kg7 {[%emt 0:00:43]} 52. Rcc6 {[%emt 0:00:11]} h5 {[%emt 0:00:31]} 53. Rcd6 {[%emt 0:01:29]} h4+ {[%emt 0:00:41]} 54. Kg4 {[%emt 0:00:21]} Rxd6 {[%emt 0:01:06]} 55. Rxd6 {[%emt 0:00:04]} f6 {[%emt 0:00:20]} 56. Bc6 {[%emt 0:02:37]} g5 {[%emt 0:00:29]} 57. Kh5 {[%emt 0:00:50]} Rxf4 {[%emt 0:00:16]} 58. Rd7+ {[%emt 0:00:16]} Kf8 {[%emt 0:00:57]} 59. Rb7 {[%emt 0:00:32]} Rc4 {[%emt 0:00:52]} 60. Bb5 {[%emt 0:00:05]} Rc5 {[%emt 0:00:38]} 61. Kg6 {[%emt 0:00:10]} g4 {[%emt 0:00:51]} 62. Kxf6 {[%emt 0:00:31]} Rc8 {[%emt 0:00:43]} 63. Bd7 {[%emt 0:00:51]} Ra8 {[%emt 0:00:29]} 64. Be6 {[%emt 0:00:09]} Ke8 {[%emt 0:00:37]} 65. Rh7 {[%emt 0:00:08]} 1-0

[Event "Belt Road Women 2019"]
[Site "Shaoxing"]
[Date "2019.07.12"]
[Round "5.1"]
[White "Stefanova, Antoaneta"]
[Black "Zhu, Jiner"]
[Result "1-0"]
[WhiteElo "2474"]
[BlackElo "2454"]
[Annotator "TA"]
[PlyCount "69"]
[EventDate "2019.07.08"]
[EventType "swiss"]
[EventCountry "CHN"]
[SourceTitle "playchess.com"]
[Source "ChessBase"]
[SourceQuality "1"]

{[%evp 15,69,41,60,53,58,58,25,3,1,-19,45,42,56,58,61,51,92,93,97,93,101,87,92,87,102,84,120,102,124,115,131,119,170,193,349,349,349,335,321,353,352,333,362,341,418,392,453,449,1058,1050,999,1051,4882,2872,29988,29988]} 1. d4 Nf6 2. Nf3 g6 3. g3 Bg7 4. Bg2 O-O 5. O-O d6 6. c4 Nc6 7. Nc3 Bf5 8. Nh4 Bd7 9. f4 {E62: King's Indian: Fianchetto: 6...c6 and Panno Variation (6...Nc6) without ...a6} Na5 10. b3 c5 11. e3 {White has an edge.} (11. dxc5 dxc5 12. Bd2 Bc6 13. Nd5 Nxd5 14. cxd5 Bb5 15. Rc1 Rc8 16. Bc3 Qb6 17. Bxg7 Kxg7 {1-0 (52) Gajewski,G (2628)-Fedorov,A (2598) Khanty-Mansiysk 2017}) 11... Bc6 $146 ({Predecessor:} 11... cxd4 12. exd4 Qb6 13. Kh1 Ng4 14. Nf3 Bc6 15. h3 Nh6 16. Be3 Nf5 {½-½ (51) Mosadeghpour,M (2230)-Ghanbarzadeh,R (2189) Tabriz 2013}) 12. Nf3 Ne4 (12... a6 $11) 13. Bb2 $14 Nxc3 14. Bxc3 cxd4 15. exd4 b5 16. Qd2 Nb7 17. d5 Bxc3 18. Qxc3 Bd7 19. cxb5 Bxb5 20. Rfe1 Nc5 21. a4 {[%cal Ba2a4,Ba4a5][%mdl 32]} Bd7 {[#]} 22. a5 $1 Rc8 23. b4 $36 {[%mdl 2048] White is in control.} Ne4 (23... Na6 $16 24. Qd4 Ra8) 24. Qe3 Rc4 $2 (24... Nc3) 25. Qd3 $18 ({Weaker is} 25. Qxa7 Rxb4 26. Rxe4 Rxe4 $16) 25... Rxb4 26. Rxe4 Bf5 27. Nd4 Bxe4 28. Bxe4 ({Worse is} 28. Qxe4 Qc7 $11) 28... Qd7 29. Nc6 Rb2 30. f5 Qb7 31. Re1 Kg7 (31... Ra2 $142 32. Rb1 Rb2 33. Nxe7+ (33. fxg6 Rxb1+ 34. Qxb1 Qxb1+ 35. Bxb1 fxg6 $18) 33... Qxe7) 32. Qd4+ f6 33. fxg6 hxg6 {[#]} 34. Bxg6 $1 {[%mdl 512]} Kxg6 35. Qg4+ {Accuracy: White = 86%, Black = 33%.} 1-0

[Event "Belt Road Women 2019"]
[Site "Shaoxing"]
[Date "2019.07.12"]
[Round "5.2"]
[White "Zhang, Lanlin"]
[Black "Munguntuul, Batkhuyag"]
[Result "0-1"]
[WhiteElo "2195"]
[BlackElo "2412"]
[Annotator "TA"]
[PlyCount "76"]
[EventDate "2019.07.08"]
[EventType "swiss"]
[EventCountry "CHN"]
[SourceTitle "playchess.com"]
[Source "ChessBase"]
[SourceQuality "1"]

{[%evp 24,104,12,0,0,6,14,6,19,17,18,21,23,20,18,15,18,12,23,11,12,12,22,20,18,-56,-65,-59,-48,-66,-49,-68,-75,-55,-25,-22,-26,-26,-26,-26,-26,-42,-27,-55,-32,-127,-131,-119,-105,-1577,-1577,-2188,-1821,-9266,-6724,-29979,-29980,-29980,-29981,-29982,-29983,-29983,-29981,-29981,-29982,-29982,-29983,-29983,-29984,-29984,-29985,-29989,-29990,-29990,-29991,-29994,-29990,-29990,-29991,-29995,-29993,-29998,-29993]} 1. e4 c5 2. Nf3 e6 3. d4 cxd4 4. Nxd4 Nc6 ({Predecessor:} 4... Nf6 5. Nc3 d6 6. Be2 a6 7. O-O Be7 8. Be3 O-O 9. f4 Nc6 10. Kh1 Bd7 11. Qe1 b5 {0-1 (50) Khosla,S (2197)-Konguvel,P (2428) Mumbai 2009}) 5. Nc3 a6 6. Be2 d6 7. O-O Nf6 8. Be3 Be7 9. Kh1 Bd7 10. f4 b5 11. a3 O-O 12. Qe1 Qb8 13. Bf3 {Strongly threatening e5.} Nxd4 {B85: Sicilian Scheveningen: 6 Be2 a6, lines with early Be3} 14. Bxd4 e5 15. Be3 b4 $146 {The position is equal.} (15... a5 16. fxe5 dxe5 17. Qg3 Kh8 18. Bg5 Ng8 19. Rad1 Bc6 20. Be3 Nf6 21. Nd5 Bxd5 22. exd5 {1-0 (30) Kobalia,M (2648)-Van Wely,L (2677) Tromsoe 2010}) 16. axb4 Qxb4 17. fxe5 dxe5 18. Nd5 Nxd5 19. exd5 Bb5 20. Qxb4 Bxb4 21. Rfc1 Rac8 22. c3 Bd6 23. b3 {[#] Threatens to win with c4.} e4 24. c4 (24. Bd1 $11) 24... exf3 $15 25. cxb5 {Rxc8 is the strong threat.} fxg2+ 26. Kxg2 axb5 27. Rxc8 Rxc8 {[%mdl 4096] Endgame KRB-KRB} 28. Ra6 Bf8 {White must now prevent ...Rd8.} 29. Rb6 b4 30. d6 Rd8 31. Bc5 {next Kf3 is good for White.} f6 32. Bxb4 Kf7 33. h4 Ke6 {[%cal Rf8d6]} 34. h5 (34. d7+ $15 Kf7 35. Bxf8 Kxf8 36. h5) 34... Bxd6 $17 35. Kf3 Ke7 36. Rxd6 $2 {[%mdl 8192]} (36. Bxd6+ $17 Rxd6 37. Rb8) 36... Rxd6 {KR-KB} 37. Ke4 g6 38. h6 Kd7 {Played: Ke7-e6} 0-1

[Event "Belt Road Women 2019"]
[Site "Shaoxing"]
[Date "2019.07.12"]
[Round "5.3"]
[White "Kosteniuk, Alexandra"]
[Black "Tokhirjonova, Gulrukhbegim"]
[Result "1-0"]
[WhiteElo "2517"]
[BlackElo "2422"]
[Annotator "TA"]
[PlyCount "183"]
[EventDate "2019.07.08"]
[EventType "swiss"]
[EventCountry "CHN"]
[SourceTitle "playchess.com"]
[Source "ChessBase"]
[SourceQuality "1"]

{[%evp 9,183,47,54,47,46,45,51,40,45,51,40,51,45,41,57,56,65,48,68,65,63,48,64,73,70,51,49,47,55,60,85,97,95,95,89,72,72,71,72,77,83,75,104,53,133,96,104,106,122,124,147,108,93,71,74,56,136,129,145,67,66,66,89,28,65,43,64,80,74,23,46,0,4,7,8,0,0,0,39,46,75,92,85,9,54,44,114,114,142,114,114,114,114,114,159,152,136,87,87,87,93,94,104,94,95,95,95,95,97,97,102,118,149,122,815,860,669,244,253,253,453,453,699,817,795,664,1516,1445,2022,1784,5691,29953,29955,29956,29954,29956,889,29955,29958,29960,29954,29964,29964,29967,29962,29965,29964,29964,29962,29963,29963,29966,29963,29967,29967,29968,29975,29977,29977,29977,29977,29976,29976,29974,29974,29973,29978,29979,29979,29980,29980,29981,29981,29982,29982,29983]} 1. d4 Nf6 2. c4 g6 3. Nc3 d5 4. Bg5 c6 5. Bxf6 exf6 6. cxd5 {D80: Grünfeld: Unusual White 4th moves and 4 Bg5} cxd5 7. Qb3 Nc6 8. e3 {White is slightly better.} Bb4 9. Nge2 O-O 10. a3 Ba5 (10... Qa5 11. Rc1 Bxc3+ 12. Nxc3 Rd8 {1-0 (53) Martinovic,S (2554)-Deris,A (1993) Zagreb 2018}) 11. Nf4 Re8 12. Be2 g5 $146 ({Predecessor:} 12... Qd6 13. Qxd5 Qe7 14. Qf3 Ne5 15. Nfd5 Bxc3+ 16. Nxc3 Qd8 17. g4 {1-0 (17) Martin Fernandez,R (2096)-Tschernatsch,J (1801) Forchheim 2018}) 13. Nd3 Bf5 14. Nb4 Be6 15. O-O Nxb4 16. axb4 Bc7 17. Bf3 {[%cal Rf3d5]} Qd6 {[%csl Gc7][%cal Rd6h2]} 18. g3 {[%cal Rc3d5]} Red8 19. Bg2 a6 20. f4 f5 21. fxg5 Qe7 22. Ne2 Qxg5 23. Nf4 Rac8 24. b5 (24. Nxd5 f4 $17) 24... axb5 25. Qxb5 Qe7 26. Ne2 (26. Nxd5 $16 Bxd5 27. Bxd5) 26... Bd7 (26... h5 $14) 27. Qb3 Re8 28. Rf3 $1 (28. Qxd5 $6 Qxe3+ 29. Rf2 Red8 $14) 28... Bd6 29. Nc3 Be6 30. Bh3 Kh8 31. Kh1 Rc4 32. Raf1 ({Don't blunder} 32. Bxf5 $2 Rxc3 $1 {[%mdl 512]} 33. bxc3 Bxf5 $19) 32... Bb4 ({Black should try} 32... f4 $1 $14 33. gxf4 Bxh3 34. Rxh3 Bb4) 33. Bxf5 $16 Bxc3 34. Bxe6 ({White should play} 34. bxc3 $16 Bxf5 35. Rxf5 {[%mdl 64] Double Attack}) 34... Qxe6 $14 35. bxc3 Re7 $1 36. Qc2 ({Better is} 36. Rf5 $16) 36... b5 37. Qb2 Rec7 38. Qxb5 Rxc3 39. Qb1 (39. Kg1 $16) 39... Rc2 40. Kg1 Qh6 {[%csl Gc2][%cal Rh6h2]} 41. h4 $40 {[%mdl 128] White attacks.} Qe6 $1 42. Qb8+ Kg7 $1 43. Qd8 {aiming for Qg5+.} Re7 44. R1f2 Rc8 45. Qa5 Qh3 {White must now prevent ...Rc1+.} 46. Qa3 (46. Qxd5 $6 Rc1+ 47. Rf1 Rxf1+ 48. Rxf1 Qxg3+ 49. Qg2 Rxe3 $11) (46. Qa6 $16) 46... Rb7 {( -> ...Rb1+)} 47. Qd6 Rc1+ (47... Kg8 $1 $14 48. Qf4 (48. Qxd5 Rc1+ 49. Rf1 Rc2 $11) 48... h6) 48. Rf1 $16 Rxf1+ 49. Rxf1 {Hoping for Qe5+.} Qe6 50. Qxe6 fxe6 {[%mdl 4096] Endgame KR-KR} 51. g4 Rb4 52. Rf4 $1 Rb2 53. Rf2 Rb4 54. Kg2 e5 {[#]} 55. Rd2 $1 ({Reject} 55. dxe5 $6 Rxg4+ 56. Kf3 Rxh4 $11) 55... Kf6 56. Kf3 Ke6 57. Rd1 Ra4 58. h5 Kf6 59. dxe5+ Kxe5 60. Rb1 Ra7 61. Rb6 Rf7+ $2 {[%mdl 8192] [#]} (61... Ra3 $16 62. Rb7 h6 63. Re7+ Kf6) 62. Kg3 $1 $18 Re7 63. Kh4 $2 (63. h6 Ke4 64. Rd6) 63... Ke4 64. Rd6 Ke5 $2 (64... Kxe3 65. Rxd5 Ke4) 65. Rd8 h6 (65... Kf6 $142 66. Rxd5 Kg7) 66. Rh8 Re6 67. Rg8 Re7 68. Rg6 Rh7 69. g5 hxg5+ 70. Kxg5 Rf7 71. h6 Rf5+ 72. Kg4 Rf1 73. Rg5+ (73. Ra6 $18 Rh1 74. Kg5 Rg1+ 75. Kh5) 73... Kf6 {White mates.} 74. Rh5 Rg1+ 75. Kf3 Rg8 76. h7 Rh8 77. Kf4 Kg6 78. Rh1 Kf6 79. Rh2 Kg7 80. Ke5 Re8+ 81. Kxd5 Kh8 82. e4 Ra8 83. e5 Ra5+ 84. Ke6 Ra6+ 85. Kd7 Ra7+ 86. Kc6 Ra6+ 87. Kb5 Rg6 88. Kc5 Ra6 89. Re2 Ra5+ 90. Kb6 Ra8 91. e6 Re8 92. Kc6 {Accuracy: White = 65%, Black = 55%.} 1-0

[Event "Belt Road Women 2019"]
[Site "Shaoxing"]
[Date "2019.07.12"]
[Round "5.4"]
[White "Guo, Qi"]
[Black "Dzagnidze, Nana"]
[Result "1-0"]
[WhiteElo "2375"]
[BlackElo "2511"]
[Annotator "TA"]
[PlyCount "63"]
[EventDate "2019.07.08"]
[EventType "swiss"]
[EventCountry "CHN"]
[SourceTitle "playchess.com"]
[Source "ChessBase"]
[SourceQuality "1"]

{[%evp 12,63,109,77,78,92,84,80,142,145,144,67,64,60,88,22,27,-5,8,0,28,-57,20,0,62,46,51,58,39,44,54,54,169,164,230,239,435,393,585,584,582,582,837,845,811,793,2135,2110,2196,2155,2097,2067,1803,1743]} 1. d4 e6 2. c4 b6 3. e4 Bb7 4. Bd3 f5 5. exf5 Bb4+ 6. Kf1 Nf6 {[#]} 7. c5 $1 {[%mdl 512]} bxc5 {A40: Unusual replies to 1 d4} 8. a3 c4 9. Bxc4 ({Don't play} 9. axb4 $6 cxd3 10. b5 a6 $15) 9... Bd6 (9... Ba5 $142) (9... Ba5 10. fxe6 dxe6 11. Qa4+ c6 12. Nf3 Bb6 13. Be3 Nd5 14. Bg5 Qc7 15. Nc3 O-O 16. Re1 Nxc3 17. bxc3 c5 18. Rxe6 Kh8 19. Re7 Qc8 20. d5 Bd8 21. Re8 Nd7 22. Qxd7 {1-0 (22) Bacrot,E (2695)-Edouard,R (2626) chess.com INT 2017}) 10. fxe6 $16 dxe6 11. Qb3 $146 (11. Bxe6 $16 Nbd7 12. Qe2) ({Predecessor:} 11. Bxe6 Ba6+ 12. Ne2 Ne4 13. Bd5 Qh4 14. Bxe4 Qxe4 15. Nbc3 {½-½ (44) Lin,Y (2345)-Sadhwani,R (2448) Lienz 2019}) 11... Bd5 $14 12. Bg5 {Threatens to win with Bxd5.} O-O 13. Nf3 (13. Bxd5 $16 exd5 14. Bxf6 Qxf6 15. Qxd5+ Kh8 16. Nf3) 13... Nbd7 $11 14. Nbd2 c5 15. Re1 Qa5 16. Qc3 (16. g3 $11) 16... Qb6 (16... Qxc3 $15 17. bxc3 cxd4 18. Nxd4 (18. cxd4 Bxa3 19. Bxd5 exd5 $15) 18... Rac8 19. Bxd5 exd5) 17. Qb3 $36 {[%mdl 2048] White has good play.} Qc6 ({Black should play} 17... Qa5 $11) 18. Bxd5 exd5 19. g3 $1 Rab8 20. Qc2 $1 Qb5+ 21. Kg2 Qxb2 (21... c4 $1 $14) 22. Qf5 $18 Rbe8 (22... Qb6 $142) 23. Rb1 Qxa3 $2 (23... Qc3 24. Rhc1 Qa5) 24. Ra1 Qb4 (24... Qc3 {is a better defense.} 25. Rhc1 (25. Rxa7 Rf7 $16) 25... g6) 25. Rhb1 {White is clearly winning.} Qc3 26. Rxa7 g6 27. Qh3 Rf7 28. Rbb7 {And now Bxf6 would win.} Ree7 29. Ra8+ Nf8 30. Rxe7 Bxe7 31. Ne5 {Qe6! would kill now.} Qxd4 {[#]} 32. Ndf3 {Played: Qh3-e6} 1-0

[Event "Belt Road Women 2019"]
[Site "Shaoxing"]
[Date "2019.07.12"]
[Round "5.5"]
[White "Tan, Zhongyi"]
[Black "Munkhzul, Turmunkh"]
[Result "1-0"]
[WhiteElo "2511"]
[BlackElo "2386"]
[Annotator "RC"]
[PlyCount "125"]
[EventDate "2019.07.08"]
[EventType "swiss"]
[EventCountry "CHN"]
[SourceTitle "playchess.com"]
[Source "ChessBase"]
[SourceQuality "1"]
[TimeControl "5400+30"]

1. d4 {[%emt 0:01:44]} Nf6 {[%emt 0:00:28]} 2. c4 {[%emt 0:00:16]} e6 {[%emt 0:02:00]} 3. Nc3 {[%emt 0:01:11]} d5 {[%emt 0:01:27]} 4. cxd5 {[%emt 0:00:22]} exd5 {[%emt 0:00:36]} 5. Bg5 {[%emt 0:00:06]} Be7 {[%emt 0:02:03]} 6. e3 {[%emt 0:00:11]} O-O {[%emt 0:02:03]} 7. Bd3 {[%emt 0:00:06]} h6 {[%emt 0:03:20]} 8. Bf4 {[%emt 0:07:14]} c6 {[%emt 0:07:05]} 9. h3 {[%emt 0:00:34]} Be6 {[%emt 0:06:42]} 10. Nge2 {[%emt 0:02:12]} Nbd7 {[%emt 0:02:48]} 11. O-O {[%emt 0:02:56]} a5 {[%emt 0:04:43]} 12. Qc2 {[%emt 0:01:00]} Re8 {[%emt 0:03:06]} 13. Rad1 {[%emt 0:00:54]} Bf8 {[%emt 0:03:06]} 14. f3 {[%emt 0:07:43]} Nb6 {[%emt 0:12:42]} 15. Bg3 {[%emt 0:06:09]} c5 {[%emt 0:05:16]} 16. Qd2 {[%emt 0:13:00]} Rc8 {[%emt 0:08:26]} 17. Bh4 {[%emt 0:02:19]} Nbd7 {[%emt 0:06:25]} 18. Bb5 {[%emt 0:00:54]} Be7 {[%emt 0:01:41]} 19. Bf2 {[%emt 0:01:17]} c4 {[%emt 0:04:07]} 20. e4 {[%emt 0:04:15]} Rf8 {[%emt 0:02:11]} 21. Ba4 {[%emt 0:02:44]} Nb6 {[%emt 0:04:20]} 22. Bc2 {[%emt 0:00:10]} Nh5 {[%emt 0:04:35]} 23. e5 {[%emt 0:01:57]} g6 {[%emt 0:07:05]} 24. Be3 {[%emt 0:00:24]} Qd7 {[%emt 0:03:12]} 25. Bxh6 {[%emt 0:02:02]} Ng7 {[%emt 0:00:27]} 26. g4 {[%emt 0:02:01]} Kh7 {[%emt 0:00:37]} 27. Bg5 {[%emt 0:01:17]} Rh8 {[%emt 0:00:43]} 28. Kg2 {[%emt 0:01:07]} Kg8 {[%emt 0:00:37]} 29. Rh1 {[%emt 0:01:51]} Qd8 {[%emt 0:00:42]} 30. Bxe7 {[%emt 0:00:39]} Qxe7 {[%emt 0:00:06]} 31. Nf4 {[%emt 0:00:20]} Qh4 {[%emt 0:01:15]} 32. Qf2 {[%emt 0:04:28]} Qg5 {[%emt 0:00:50]} 33. Qg3 {[%emt 0:00:13]} Rh4 {[%emt 0:00:32]} 34. Kf2 {[%emt 0:01:07]} Rh8 {[%emt 0:00:56]} 35. h4 {[%emt 0:00:24]} Qe7 {[%emt 0:00:36]} 36. a3 {[%emt 0:01:05]} Qd7 {[%emt 0:00:31]} 37. Rdg1 {[%emt 0:03:18]} Na8 {[%emt 0:00:20]} 38. Ba4 {[%emt 0:01:07]} Qd8 {[%emt 0:00:07]} 39. h5 {[%emt 0:02:02]} g5 {[%emt 0:00:51]} 40. h6 {[%emt 0:01:40]} Ne8 {[%emt 0:00:44]} 41. Bxe8 {[%emt 0:12:47]} Qxe8 {[%emt 0:00:29]} 42. Nh5 {[%emt 0:01:11]} Qd8 {[%emt 0:00:16]} 43. Nf6+ {[%emt 0:00:05]} Kf8 {[%emt 0:00:04]} 44. Kg2 {[%emt 0:02:22]} Nc7 {[%emt 0:00:34]} 45. f4 {[%emt 0:00:32]} gxf4 {[%emt 0:00:44]} 46. Qxf4 {[%emt 0:00:07]} Ne8 {[%emt 0:00:10]} 47. g5 {[%emt 0:02:05]} Qb6 {[%emt 0:00:52]} 48. Nd1 {[%emt 0:03:15]} Ke7 {[%emt 0:00:27]} 49. Rf1 {[%emt 0:00:44]} Nxf6 {[%emt 0:00:28]} 50. exf6+ {[%emt 0:00:29]} Kd7 {[%emt 0:00:09]} 51. Rf3 {[%emt 0:01:32]} Rcg8 {[%emt 0:00:22]} 52. Rg3 {[%emt 0:00:11]} Rg6 {[%emt 0:00:18]} 53. Re1 {[%emt 0:00:12]} Rhg8 {[%emt 0:00:26]} 54. Re5 {[%emt 0:00:09]} Qb5 {[%emt 0:00:24]} 55. Qf2 {[%emt 0:00:14]} Qb6 {[%emt 0:01:49]} 56. Nc3 {[%emt 0:00:15]} Kd6 {[%emt 0:00:21]} 57. Qd2 {[%emt 0:02:36]} Kd7 {[%emt 0:00:44]} 58. Ne2 {[%emt 0:00:12]} Rf8 {[%emt 0:00:29]} 59. Nf4 {[%emt 0:00:27]} Rgg8 {[%emt 0:00:21]} 60. Qf2 {[%emt 0:01:24]} Rh8 {[%emt 0:00:27]} 61. g6 {[%emt 0:01:00]} Rxh6 {[%emt 0:00:36]} 62. g7 {[%emt 0:00:15]} Rg8 {[%emt 0:00:34]} 63. Nxe6 {[%emt 0:00:09]} 1-0

[Event "Belt Road Women 2019"]
[Site "Shaoxing"]
[Date "2019.07.12"]
[Round "5.6"]
[White "Ushenina, Anna"]
[Black "Lei, Tingjie"]
[Result "1/2-1/2"]
[WhiteElo "2448"]
[BlackElo "2505"]
[Annotator "TA"]
[PlyCount "39"]
[EventDate "2019.07.08"]
[EventType "swiss"]
[EventCountry "CHN"]
[SourceTitle "playchess.com"]
[Source "ChessBase"]
[SourceQuality "1"]

{[%evp 21,39,18,20,10,22,16,18,16,16,13,13,0,6,0,0,0,0,0,0,0]} 1. d4 Nf6 2. c4 e6 3. Nf3 d5 4. Nc3 c6 5. e3 Nbd7 6. Qc2 Bd6 7. Bd3 O-O 8. O-O dxc4 9. Bxc4 b5 10. Be2 Bb7 11. e4 e5 {The position is equal.} 12. dxe5 {D46: Semi-Slav: 5 e3 Nbd7 6 Bd3, Black avoids the Meran} Nxe5 13. Nh4 Bc8 14. Nf5 Bxf5 15. exf5 Re8 {[#]} 16. h3 $146 ({Predecessor:} 16. Bg5) 16... Qc7 17. Be3 Ned7 18. Bf3 Ne5 19. Be2 Ned7 20. Bf3 1/2-1/2